Системы электроснабжения горной промышленности: учебное пособие
| Hovedforfatter: | |
|---|---|
| Corporate Authors: | , |
| Andre forfattere: | |
| Summary: | Заглавие с титульного экрана Электронная версия печатной публикации The book contains the theoretical data, descriptions of contemporary energy systems of mining industry complex. The material of the book allows to get basic knowledge of the given systems and skills for calculating heat and electrical characteristics. The course book provides the necessary material for conducting classes and final tests. The combination of domestic and foreign technologies for teaching at high school is presented in the book. The book is intended for the students of mining specialities. The description comprehensiveness gives the possibility to use the course book in the scope of joint international education programs, in the system of elite technical education, professional development and self-study work. Режим доступа: из корпоративной сети ТПУ |
| Sprog: | engelsk russisk |
| Udgivet: |
Томск, Изд-во ТПУ, 2014
|
| Fag: | |
| Online adgang: | http://www.lib.tpu.ru/fulltext2/m/2015/m056.pdf |
| Format: | MixedMaterials Electronisk Bog |
| KOHA link: | https://koha.lib.tpu.ru/cgi-bin/koha/opac-detail.pl?biblionumber=288687 |
MARC
| LEADER | 00000nlm0a2200000 4500 | ||
|---|---|---|---|
| 001 | 288687 | ||
| 005 | 20240118110312.0 | ||
| 035 | |a (RuTPU)RU\TPU\book\313167 | ||
| 035 | |a RU\TPU\book\313163 | ||
| 090 | |a 288687 | ||
| 100 | |a 20150326d2014 m y0rusy50 ca | ||
| 101 | 0 | |a eng |a rus | |
| 102 | |a RU | ||
| 105 | |a a j 001zy | ||
| 135 | |a drcn ---uucaa | ||
| 181 | 0 | |a i | |
| 182 | 0 | |a b | |
| 200 | 1 | |a Системы электроснабжения горной промышленности |d Power supply systems of mining industry |e учебное пособие |f А. В. Крайнов, Е. Н. Пашков |g Национальный исследовательский Томский политехнический университет (ТПУ) | |
| 203 | |a Текст |c электронный | ||
| 210 | |a Томск |c Изд-во ТПУ |d 2014 | ||
| 300 | |a Заглавие с титульного экрана | ||
| 300 | |a Электронная версия печатной публикации | ||
| 330 | |a The book contains the theoretical data, descriptions of contemporary energy systems of mining industry complex. The material of the book allows to get basic knowledge of the given systems and skills for calculating heat and electrical characteristics. The course book provides the necessary material for conducting classes and final tests. The combination of domestic and foreign technologies for teaching at high school is presented in the book. The book is intended for the students of mining specialities. The description comprehensiveness gives the possibility to use the course book in the scope of joint international education programs, in the system of elite technical education, professional development and self-study work. | ||
| 333 | |a Режим доступа: из корпоративной сети ТПУ | ||
| 337 | |a Adobe Reader | ||
| 452 | 1 | |0 (RuTPU)RU\TPU\book\309573 |y 978-5-4387-0485-0 |t Системы энергоснабжения горной промышленности |l Energy supply systems of mining industry |o учебник для вузов |f А. В. Крайнов, Е. Н. Пашков |g Национальный исследовательский Томский политехнический университет (ТПУ) |c Томск |n Изд-во ТПУ |d 2014 |p 167 с. |a Крайнов, Александр Валерьевич | |
| 510 | 1 | |a Power supply systems of mining industry |z eng | |
| 606 | |a Горная энергетика |2 stltpush |3 (RuTPU)RU\TPU\subj\7548 |9 35159 | ||
| 610 | 1 | |a электронный ресурс | |
| 610 | 1 | |a труды учёных ТПУ | |
| 610 | 1 | |a учебные пособия | |
| 610 | 1 | |a электроснабжение | |
| 610 | 1 | |a горная промышленность | |
| 610 | 1 | |a горнодобывающая промышленность | |
| 675 | |a 622:621.3(075.8) |v 3 | ||
| 700 | 1 | |a Крайнов |b А. В. |c специалист в области теплотехники |c доцент Томского политехнического университета, кандидат физико-математических наук |f 1974- |g Александр Валерьевич |3 (RuTPU)RU\TPU\pers\26016 | |
| 701 | 1 | |a Пашков |b Е. Н. |c специалист в области машиностроения |c доцент Томского политехнического университета, кандидат технических наук |f 1975- |g Евгений Николаевич |3 (RuTPU)RU\TPU\pers\27734 |9 12808 | |
| 712 | 0 | 2 | |a Национальный исследовательский Томский политехнический университет (ТПУ) |b Энергетический институт (ЭНИН) |b Кафедра теоретической и промышленной теплотехники (ТПТ) |3 (RuTPU)RU\TPU\col\18679 |
| 712 | 0 | 2 | |a Национальный исследовательский Томский политехнический университет (ТПУ) |b Институт физики высоких технологий (ИФВТ) |b Кафедра теоретической и прикладной механики (ТПМ) |3 (RuTPU)RU\TPU\col\18695 |
| 801 | 1 | |a RU |b 63413507 |c 20130821 | |
| 801 | 2 | |a RU |b 63413507 |c 20150407 |g RCR | |
| 856 | 4 | |u http://www.lib.tpu.ru/fulltext2/m/2015/m056.pdf | |
| 942 | |c CF | ||